| 000 | 00812nam a22002177a 4500 | ||
|---|---|---|---|
| 005 | 20080529095227.0 | ||
| 008 | 080529t xxu||||| |||| 00| p eng d | ||
| 010 | _aENG-90231 | ||
| 020 |
_a8183821553 _c295.00 |
||
| 035 | _aEN-73764 | ||
| 037 | _bDBAD / PUB | ||
| 040 |
_aDPL _bEN |
||
| 082 | _a821 | ||
| 100 | _aKanda, K.C. | ||
| 245 |
_aSelected dohas: _bKabir, Tulsidas, Rahim Khankhana, Varind Kavi and Sheikh Farid / _cby K.C. Kanda |
||
| 260 |
_aNew Delhi _bLotus Press _c2008 |
||
| 300 |
_a187p. _c22 cm (pbk) |
||
| 500 | _aWritten in Hindi, translated into english and transliterated in the Roman script | ||
| 942 |
_2ddc _cEN _h821 _mKAN |
||
| 999 |
_c13087 _d13087 |
||